000 00668nam a22001815i 4500
001 151627
003 ES-MaACL
005 20230906204311.0
008 050704s1793 gw |||| | ger d
040 _aCAM
_bspa
_cCAM
245 0 0 _aAufsatze und Beobachtungen aus der gerichtlichen arzenenwissenschaft
_b: Achte Sammlung /
_cherausgegeben von Johann Theodor Pyl.
260 _aBerlin :
_bben August Mylius,
_c1793.
300 _a[12], 276 p. ;
_c22 cm.
597 _aSign.: )(\p6\s, A-R\p8\s, S\p2\s.
597 _aTexto en letra gótica.
700 1 _aPyl, Johann Theodor,
_eed. lit.
_9131442
852 _aES-MaACL
_jR-811-16
_z-- Enc. hol.
_xOlim: G-2632-37
999 _c151627
_d151627